000 00684cam a22002531i 4500
001 16945
003 BD-RjUL
005 20211209000053.0
008 140215s1961 nyu 000 0 eng d
035 _a(BD-RjUL)17001
035 _a(OCoLC)3149657
040 _aDLC
_cIaFairM
_dFO
_dOCoLC
_dDLC
_dBD-RjUL
_beng
041 _aeng
082 0 0 _a813.5
_bFLA 1961
100 1 _aFleming, Thomas J.
_952291
245 1 0 _aAll good men /
_cThomas J. Fleming.
250 _a1st ed.
260 _aGarden City, N.Y. :
_bDoubleday,
_c1961.
300 _a402 p. ;
_c22 cm.
650 0 _aAll good men
_952292
942 _2ddc
_cBK
999 _c16945
_d16945